The effect of cassava leaves and sweet potatos leaves on growth pererformance of local rabbits by using broken rice as energy source, ប្រសិទ្ធភាពនៃការប្រើប្រាស់ស្លឹកដំឡូងមី​និងដំឡូងជ្វា ទៅលើការលូតលាស់របស់ទន្សាយ ដែលមានចុងអង្កជាចំណីថាមពល (Record no. 2307)

000 -LEADER
fixed length control field 00799nam a22001577a 4500
003 - CONTROL NUMBER IDENTIFIER
control field OSt
005 - DATE AND TIME OF LATEST TRANSACTION
control field 20151009124812.0
008 - FIXED-LENGTH DATA ELEMENTS--GENERAL INFORMATION
fixed length control field 151009b xxu||||| |||| 00| 0 eng d
040 ## - CATALOGING SOURCE
Transcribing agency RUA
082 ## - DEWEY DECIMAL CLASSIFICATION NUMBER
Classification number AVM CHH 2009 B086 OR.1
100 ## - MAIN ENTRY--PERSONAL NAME
9 (RLIN) 2452
Personal name CHHIM, KIMSRIV.
245 ## - TITLE STATEMENT
Title The effect of cassava leaves and sweet potatos leaves on growth pererformance of local rabbits by using broken rice as energy source, ប្រសិទ្ធភាពនៃការប្រើប្រាស់ស្លឹកដំឡូងមី​និងដំឡូងជ្វា ទៅលើការលូតលាស់របស់ទន្សាយ ដែលមានចុងអង្កជាចំណីថាមពល
260 ## - PUBLICATION, DISTRIBUTION, ETC. (IMPRINT)
Place of publication, distribution, etc. Phnom Penh
Name of publisher, distributor, etc. RUA
Date of publication, distribution, etc. 2009
300 ## - PHYSICAL DESCRIPTION
Extent xi; 42p.
Other physical details ill.
Dimensions 29cm.
942 ## - ADDED ENTRY ELEMENTS (KOHA)
Source of classification or shelving scheme
Koha item type AVM
Holdings
Price effective from Date last seen Permanent Location Not for loan Date acquired Source of classification or shelving scheme Koha item type Lost status Withdrawn status Total Renewals Date last checked out Total Checkouts Shelving location Damaged status Barcode Current Location Full call number
2015-10-092022-01-24Library Block B 2015-10-09 AVM   2022-01-141B086 RUA018001Library Block BAVM CHH 2009 B086 Or.1
2015-10-092018-03-13Library Block B 2015-10-09 AVM   2016-10-243B086 RUA017752Library Block BAVM CHH 2009 B086 Or.2
2015-10-092016-11-11Library Block B 2015-10-09 AVM   2016-10-251B086 RUA006273Library Block BAVM CHH 2009 B086 Or.3
2015-10-092015-10-09Library Block B 2015-10-09 AVM     B086 RUA006271Library Block BAVM CHH 2009 B086 Or.4
2015-10-092015-10-09Library Block B 2015-10-09 AVM     B086 RUA015159Library Block BAVM CHH 2009 B086 Or.5
2015-10-092015-10-09Library Block B 2015-10-09 AVM     B086 RUA015004Library Block BAVM CHH 2009 B086 Or.6
2015-10-092015-10-09Library Block B 2015-10-09 AVM     B086 RUA015141Library Block BAVM CHH 2009 B086 Or.7
2015-10-092021-02-22Library Block B 2015-10-09 AVM  12021-02-082B086 RUA015114Library Block BAVM CHH 2009 B086 Or.8
2015-10-092015-10-09Library Block B 2015-10-09 AVM     B086 RUA015078Library Block BAVM CHH 2009 B086 Or.9
2015-10-092024-09-27Library Block B 2015-10-09 AVM   2024-09-065B086 RUA015077Library Block BAVM CHH 2009 B086 Or.10
មជ្ឈមណ្ឌលឯការនៃសាកលវិទ្យាល័យភូមិន្ទកសិកម្មចំការដូង

Powered by Koha